|
|
|
|
| LEADER |
00000nam a2200000 a 4500 |
| 001 |
vtls011712770 |
| 003 |
SK-MaSNL |
| 005 |
20260301094720.0 |
| 008 |
220509s2017 xo hoabg n 000 0 slo |
| 015 |
|
|
|a SNBA2017/10
|
| 020 |
|
|
|a 9788070920466
|q (brož.)
|
| 035 |
|
|
|a urn:nbn:sk:snk-am00gk0f
|
| 035 |
|
|
|a urn:nbn:sk:snk-am3j566
|
| 035 |
|
|
|a 97A57C46-97C7-4792-875F-E8D4CA5C1881
|
| 040 |
|
|
|a SNK
|b slo
|c SNK
|e AACR2
|
| 041 |
0 |
|
|a slo
|a cze
|
| 044 |
|
|
|a xo
|c SK
|
| 072 |
|
7 |
|a 94(437.6)
|x Dejiny Slovenskej republiky
|2 konspekt
|
| 080 |
|
|
|a 94(437.6)
|2 2011
|
| 080 |
|
|
|a (082)
|2 2011
|
| 080 |
|
|
|a 27-789.2
|2 2011
|
| 080 |
|
|
|a 726.71:27-789.2
|2 2001
|
| 080 |
|
|
|a 27-788
|2 2011
|
| 080 |
|
|
|a 7.025.3/.4
|2 2011
|
| 080 |
|
|
|a 904
|2 2011
|
| 080 |
|
|
|a 2-788-1/-9
|2 2011
|
| 245 |
0 |
0 |
|a Okno do histórie (nielen) Skalky pri Trenčíne
|b [zborník odborných príspevkov z kultúrno-historického seminára]
|c zostavil: Igor Zmeták
|
| 260 |
|
|
|a V Trenčíne
|b Trenčianske osvetové stredisko
|c 2017
|
| 300 |
|
|
|a 54 s.
|b faks., fotogr., ilustr., mp.
|c 28 cm
|
| 366 |
|
|
|e 500 výtlačkov
|
| 504 |
|
|
|a Bibliografické odkazy
|
| 546 |
|
|
|a Čiastočný text v češtine
|
| 610 |
1 |
7 |
|a Skalka (Skalka nad Váhom, Slovensko : kláštor)
|2 SNKKA
|9 32416
|
| 610 |
2 |
7 |
|a Benediktíni
|2 SNKKA
|9 31574
|
| 650 |
0 |
7 |
|a Benedictines
|2 SNKPHeng
|9 305845
|
| 650 |
0 |
7 |
|a benediktínske kláštory
|2 SNKPH
|9 98034
|
| 650 |
0 |
7 |
|a Benedictine monasteries
|2 SNKPHeng
|9 313286
|
| 650 |
0 |
7 |
|a rehoľný život
|2 SNKPH
|9 67225
|
| 650 |
0 |
7 |
|a Monastic life
|2 SNKPHeng
|9 302512
|
| 650 |
0 |
7 |
|a obnova a rekonštrukcia pamiatok
|2 SNKPH
|9 91110
|
| 650 |
0 |
7 |
|a Renewal and reconstruction of monuments
|2 SNKPHeng
|9 265904
|
| 650 |
0 |
7 |
|a kultúrne pamiatky
|2 SNKPH
|9 2862
|
| 650 |
0 |
7 |
|a Cultural monuments
|2 SNKPHeng
|9 266481
|
| 650 |
0 |
7 |
|a mníšsky život
|2 SNKPH
|9 69637
|
| 650 |
0 |
7 |
|a Monkish life
|2 SNKPHeng
|9 334784
|
| 650 |
0 |
7 |
|a History
|2 SNKPHeng
|9 265139
|
| 650 |
0 |
7 |
|a dejiny obcí
|2 SNKPH
|9 164834
|
| 651 |
|
7 |
|a Skalka nad Váhom (Slovensko)
|2 SNKPH
|9 86427
|
| 651 |
|
7 |
|a Skalka nad Váhom (Slovakia)
|2 SNKPHeng
|9 361253
|
| 651 |
|
7 |
|a Zobor (Nitra, Slovakia)
|2 SNKPH
|9 355747
|
| 651 |
|
7 |
|a Zobor (Nitra, Slovensko)
|2 SNKPH
|9 177373
|
| 655 |
|
7 |
|a zborníky
|2 SNKPH
|9 70165
|
| 655 |
|
7 |
|a Miscellanea
|2 SNKPHeng
|9 265155
|
| 700 |
1 |
|
|a Zmeták, Igor,
|d 1965-
|4 com
|4 aut
|9 22109
|
| 752 |
|
|
|a Slovensko
|d Trenčín
|
| 919 |
|
|
|a 978-80-7092-046-6
|
| 958 |
|
|
|a NB
|
| 999 |
|
|
|c 681113
|d 683043
|
| 952 |
|
|
|a SNK
|b SNK
|y PREZ
|7 0
|p 17A1272051
|o snkSB 91975
|i snk2017/20994
|8 0
|0 0
|1 0
|4 0
|d 2017-09-28
|f 1
|l 0
|r 2025-05-13 00:00:00
|w 2026-02-23
|
| 952 |
|
|
|a SNK
|b SNK
|y VYP
|7 0
|p 17A1272052
|o snkSB 91975 D1
|i snk2017/20995
|8 0
|0 0
|1 0
|4 0
|d 2017-09-28
|l 0
|r 2026-02-23 19:56:46
|w 2026-02-23
|